[Event "Montreal Class-B"]
[Site "Montreal CAN"]
[Date "2004.11.14"]
[Round "5"]
[White "Malek, Omid"]
[Black "Villeneuve, Robert"]
[Result "1/2-1/2"]
[WhiteElo "1920"]
[BlackElo "1922"]
[PlyCount "97"]
[GameId "2160767911052595"]
[EventDate "2004.11.12"]
[EventType "swiss"]
[EventRounds "5"]
[EventCountry "CAN"]
[SourceTitle "EXT 2006"]
[Source "ChessBase"]
[SourceDate "2005.11.24"]
[SourceVersion "1"]
[SourceVersionDate "2005.11.24"]
[SourceQuality "1"]

1. e4 c5 2. Nf3 d6 3. d4 cxd4 4. Nxd4 Nf6 5. Nc3 g6 6. Be3 Bg7 7. f3 O-O 8. Qd2 Nc6 9. Bc4 Bd7 10. O-O-O Rc8 11. Bb3 Ne5 12. g4 b5 13. Kb1 a5 14. a3 b4 15. axb4 axb4 16. Na2 Nc4 17. Bxc4 Rxc4 18. Nb3 Be6 19. h4 Qc8 20. Nac1 Qa6 21. Qe2 Ra8 22. Bd4 Nd7 23. Bxg7 Kxg7 24. h5 Nc5 25. Qe3 Nxb3 26. Nxb3 Qa2+ 27. Kc1 Rac8 28. Rh2 Rc3 29. Qd4+ f6 30. bxc3 bxc3 31. Rdh1 Qb2+ 32. Kd1 Bxb3 33. hxg6 Bxc2+ 34. Rxc2 Qa1+ 35. Ke2 Qxh1 36. Rxc3 Qa1 37. Kd3 Qxc3+ 38. Qxc3 Rxc3+ 39. Kxc3 hxg6 40. f4 e6 41. Kc4 Kf7 42. Kb5 f5 43. gxf5 gxf5 44. exf5 exf5 45. Kc4 Ke7 46. Kd4 Ke6 47. Kc4 Kd7 48. Kd5 Ke7 49. Kd4 1/2-1/2

[Event "Montreal Class-B"]
[Site "Montreal CAN"]
[Date "2004.11.15"]
[Round "5"]
[White "Cloutier, Mario"]
[Black "Kenanu, Dariush"]
[Result "0-1"]
[WhiteElo "1936"]
[BlackElo "1847"]
[PlyCount "68"]
[GameId "2160767911052596"]
[EventDate "2004.11.12"]
[EventType "swiss"]
[EventRounds "5"]
[EventCountry "CAN"]
[SourceTitle "EXT 2006"]
[Source "ChessBase"]
[SourceDate "2005.11.24"]
[SourceVersion "1"]
[SourceVersionDate "2005.11.24"]
[SourceQuality "1"]

1. e4 e5 2. Nf3 Nc6 3. Bb5 a6 4. Ba4 Nf6 5. O-O Be7 6. Re1 b5 7. Bb3 O-O 8. c3 d5 9. exd5 Nxd5 10. Nxe5 Nxe5 11. Rxe5 Nf6 12. d4 Bd6 13. Re1 Ng4 14. h3 Qh4 15. Qf3 Nxf2 16. Re2 Bg4 17. Qxf2 Bg3 18. Qf1 Bxe2 19. Qxe2 Rae8 20. Be3 Qe4 21. Nd2 Qxe3+ 22. Qxe3 Rxe3 23. Nf1 Re1 24. Rxe1 Bxe1 25. Bd1 Bh4 26. Nh2 Bg5 27. Nf3 Bc1 28. b3 Bb2 29. c4 Bxd4+ 30. Nxd4 Rd8 31. cxb5 Rxd4 32. Be2 Rd2 33. bxa6 Rxe2 34. a4 Re6 0-1

[Event "Montreal Class-C"]
[Site "Montreal CAN"]
[Date "2004.11.14"]
[Round "5"]
[White "Mercier, Andre"]
[Black "Menard, Dominic"]
[Result "0-1"]
[WhiteElo "1768"]
[BlackElo "1774"]
[PlyCount "96"]
[GameId "2160767911052598"]
[EventDate "2004.11.12"]
[EventType "swiss"]
[EventRounds "5"]
[EventCountry "CAN"]
[SourceTitle "EXT 2006"]
[Source "ChessBase"]
[SourceDate "2005.11.24"]
[SourceVersion "1"]
[SourceVersionDate "2005.11.24"]
[SourceQuality "1"]

1. d4 f5 2. Nf3 Nf6 3. c4 g6 4. Nc3 Bg7 5. g3 O-O 6. Bg2 d6 7. O-O Qe8 8. b3 e5 9. dxe5 dxe5 10. Ba3 Rf7 11. Qc2 Nc6 12. e3 h6 13. Rad1 Be6 14. Rd2 e4 15. Nd4 Ne5 16. Rfd1 g5 17. Nxe6 Qxe6 18. Rd8+ Rxd8 19. Rxd8+ Kh7 20. Nb5 Nc6 21. Nd4 Nxd4 22. Rxd4 Qa6 23. Bb4 b6 24. c5 Qb5 25. Bf1 Qe8 26. Bc4 Ng4 27. Bxf7 Qxf7 28. cxb6 axb6 29. Rc4 c5 30. Bc3 Qh5 31. Bxg7 Qxh2+ 32. Kf1 Kxg7 33. Qb2+ Kf7 34. Ra4 Nxe3+ 35. Ke2 Ng4 36. Ra7+ Ke6 37. Re7+ Kd6 38. Rd7+ Kc6 39. Rc7+ Kxc7 40. Qg7+ Kb8 41. Qg8+ Ka7 42. Qf7+ Ka6 43. Qc4+ b5 44. Qe6+ Ka5 45. b4+ cxb4 46. Kd1 Nxf2+ 47. Ke2 Nd3+ 48. Kd1 Qg1+ 0-1

[Event "Montreal Class-D"]
[Site "Montreal CAN"]
[Date "2004.11.12"]
[Round "1"]
[White "Lanthier, Steve"]
[Black "Morin, Daniel"]
[Result "1/2-1/2"]
[WhiteElo "1575"]
[BlackElo "1471"]
[PlyCount "103"]
[GameId "2160767911052599"]
[EventDate "2004.11.12"]
[EventType "swiss"]
[EventRounds "5"]
[EventCountry "CAN"]
[SourceTitle "EXT 2009"]
[Source "ChessBase"]
[SourceDate "2008.11.26"]
[SourceVersion "1"]
[SourceVersionDate "2008.11.26"]
[SourceQuality "1"]

1. e4 c5 2. Nc3 d6 3. f4 e6 4. Nf3 Nc6 5. Be2 Nf6 6. O-O a6 7. Kh1 b5 8. d3 b4 9. Nb1 Nd4 10. Be3 Nxe2 11. Qxe2 Bb7 12. Nbd2 Be7 13. Ng5 h6 14. Nh3 e5 15. fxe5 dxe5 16. Nc4 Qc7 17. Rf5 Nd7 18. Raf1 Bf6 19. Nf2 g6 20. Ng4 gxf5 21. Rxf5 Bg7 22. Qf2 Rf8 23. Nxh6 f6 24. Qg3 Rf7 25. Nxf7 Kxf7 26. Rh5 Rh8 27. Qh3 Rxh5 28. Qxh5+ Kg8 29. Qg4 Nf8 30. Bh6 Bc8 31. Qg3 Be6 32. Nd6 Kh7 33. Ne8 Qe7 34. Bxg7 Qxe8 35. Bxf6 Ng6 36. Qg5 Qf8 37. b3 Qh6 38. h3 Qxg5 39. Bxg5 Nf8 40. Kh2 Kg6 41. Be7 Nd7 42. g4 Bg8 43. Kg3 Kf7 44. Bd8 Nb8 45. Bc7 Nd7 46. Kh4 Kg6 47. Bd8 Be6 48. Kg3 Nf6 49. Be7 Nd7 50. g5 Kh5 51. Bd6 Kxg5 52. Be7+ 1/2-1/2

[Event "Montreal Class-D"]
[Site "Montreal CAN"]
[Date "2004.11.13"]
[Round "2"]
[White "Morin, Daniel"]
[Black "Bergeron, Andre"]
[Result "0-1"]
[WhiteElo "1471"]
[BlackElo "1537"]
[PlyCount "55"]
[GameId "2160767911052600"]
[EventDate "2004.11.12"]
[EventType "swiss"]
[EventRounds "5"]
[EventCountry "CAN"]
[SourceTitle "EXT 2009"]
[Source "ChessBase"]
[SourceDate "2008.11.26"]
[SourceVersion "1"]
[SourceVersionDate "2008.11.26"]
[SourceQuality "1"]

1. e4 d6 2. d4 Nf6 3. Nc3 g6 4. h3 Bg7 5. Nf3 c5 6. Bc4 cxd4 7. Nxd4 a6 8. Bb3 O-O 9. Be3 Nc6 10. Nxc6 bxc6 11. Qd2 Qa5 12. O-O Qh5 13. f3 Rb8 14. Ne2 Qb5 15. Nc3 Qb4 16. a3 Qb7 17. Bh6 Qa7+ 18. Kh1 Nh5 19. Kh2 Rd8 20. Bxg7 Nxg7 21. Rad1 Be6 22. Bxe6 Nxe6 23. b4 a5 24. bxa5 Qxa5 25. a4 Nc5 26. Ra1 Rb2 27. Rf2 Nb3 28. Qc1 0-1

[Event "Montreal Class-D"]
[Site "Montreal CAN"]
[Date "2004.11.13"]
[Round "3"]
[White "Morin, Daniel"]
[Black "Rainton, Jean-Pierre"]
[Result "1-0"]
[WhiteElo "1471"]
[BlackElo "1543"]
[PlyCount "56"]
[GameId "2160767911052601"]
[EventDate "2004.11.12"]
[EventType "swiss"]
[EventRounds "5"]
[EventCountry "CAN"]
[SourceTitle "EXT 2009"]
[Source "ChessBase"]
[SourceDate "2008.11.26"]
[SourceVersion "1"]
[SourceVersionDate "2008.11.26"]
[SourceQuality "1"]

1. e4 e5 2. Nf3 Nc6 3. Bb5 a6 4. Ba4 Nf6 5. O-O b5 6. Bb3 Nxe4 7. Re1 d5 8. d4 Be7 9. Nxe5 Nxe5 10. dxe5 Be6 11. c3 c5 12. Bc2 O-O 13. Be3 c4 14. Nd2 Nc5 15. Nf3 a5 16. Nd4 Qd7 17. f4 Bg4 18. Qb1 g6 19. f5 Nd3 20. Bxd3 cxd3 21. Bh6 Rfe8 22. Qxd3 Bc5 23. Kh1 Bxd4 24. Qxd4 Qxf5 25. e6 f6 26. e7 g5 27. Rf1 Qe5 28. Qxe5 Rxe7 1-0

[Event "Montreal Class-D"]
[Site "Montreal CAN"]
[Date "2004.11.14"]
[Round "4"]
[White "Bourassa, Samuel"]
[Black "Hayne, Cameron"]
[Result "1-0"]
[WhiteElo "1551"]
[BlackElo "1408"]
[PlyCount "43"]
[GameId "2160767911052602"]
[EventDate "2004.11.12"]
[EventType "swiss"]
[EventRounds "5"]
[EventCountry "CAN"]
[SourceTitle "EXT 2006"]
[Source "ChessBase"]
[SourceDate "2005.11.24"]
[SourceVersion "1"]
[SourceVersionDate "2005.11.24"]
[SourceQuality "1"]

1. e4 c5 2. Nc3 d6 3. f4 Nc6 4. g3 Bd7 5. Bg2 g6 6. Nge2 Bg7 7. O-O e6 8. d3 Nge7 9. Be3 O-O 10. g4 Rc8 11. Ng3 Re8 12. Qc1 a6 13. Nce2 b6 14. c3 Kh8 15. Qd2 Ng8 16. Rf3 Qh4 17. h3 Nf6 18. g5 Ng8 19. Bf2 f6 20. Nf5 Qh5 21. Nxd6 fxg5 22. Nf7# 1-0

[Event "Montreal Class-D"]
[Site "Montreal CAN"]
[Date "2004.11.14"]
[Round "4"]
[White "Brunet, Guy"]
[Black "Morin, Daniel"]
[Result "1-0"]
[WhiteElo "1539"]
[BlackElo "1471"]
[PlyCount "58"]
[GameId "2160767911052603"]
[EventDate "2004.11.12"]
[EventType "swiss"]
[EventRounds "5"]
[EventCountry "CAN"]
[SourceTitle "EXT 2009"]
[Source "ChessBase"]
[SourceDate "2008.11.26"]
[SourceVersion "1"]
[SourceVersionDate "2008.11.26"]
[SourceQuality "1"]

1. d4 Nf6 2. Nf3 e6 3. Nbd2 d5 4. e3 c5 5. c3 c4 6. b3 b5 7. a4 b4 8. cxb4 Bxb4 9. bxc4 Ba6 10. c5 Bxf1 11. Kxf1 a5 12. Ne5 Bxd2 13. Bxd2 Ne4 14. f3 Nxd2+ 15. Qxd2 f6 16. Nd3 Nc6 17. Ke2 Rb8 18. Rab1 O-O 19. Rb5 Qc7 20. g3 e5 21. Rhb1 exd4 22. Rxb8 Rxb8 23. Rxb8+ Qxb8 24. exd4 Nxd4+ 25. Kf2 Qe8 26. Nb2 Qe5 27. Qe3 Nc6 28. Nd3 Qxe3+ 29. Kxe3 Kf7 1-0

[Event "Montreal Class-D"]
[Site "Montreal CAN"]
[Date "2004.11.14"]
[Round "5"]
[White "Lanthier, Steve"]
[Black "Bourassa, Samuel"]
[Result "1-0"]
[WhiteElo "1575"]
[BlackElo "1551"]
[PlyCount "93"]
[GameId "2160767911052604"]
[EventDate "2004.11.12"]
[EventType "swiss"]
[EventRounds "5"]
[EventCountry "CAN"]
[SourceTitle "EXT 2006"]
[Source "ChessBase"]
[SourceDate "2005.11.24"]
[SourceVersion "1"]
[SourceVersionDate "2005.11.24"]
[SourceQuality "1"]

1. e4 g6 2. d4 Bg7 3. Nf3 d6 4. Bc4 Nf6 5. Qe2 O-O 6. e5 Ne8 7. e6 d5 8. exf7+ Rxf7 9. Bd3 Bg4 10. Nbd2 Bxd4 11. h3 Bxf3 12. Nxf3 Bb6 13. Bg5 Nd7 14. O-O-O Nd6 15. h4 Nf8 16. h5 c6 17. hxg6 Nxg6 18. Bxg6 hxg6 19. Qe5 Rg7 20. Qe6+ Nf7 21. Rh3 Qd6 22. Qxe7 Qxe7 23. Bxe7 Re8 24. Bf6 Rh7 25. Rg3 Bxf2 26. Rxg6+ Kf8 27. Rf1 Be3+ 28. Kd1 Re4 29. Bg5 Bxg5 30. Nxg5 Rd4+ 31. Kc1 Rdh4 32. Nxh7+ Rxh7 33. Kd2 Ke7 34. Rf2 Nd6 35. Re2+ Ne4+ 36. Kd3 Kd7 37. c3 Re7 38. Kc2 b5 39. g4 a5 40. Rg8 Kc7 41. g5 b4 42. g6 Rd7 43. Rg2 Nd6 44. g7 Nf5 45. Rc8+ Kxc8 46. g8=Q+ Kc7 47. Qe6 1-0

[Event "Montreal Class-D"]
[Site "Montreal CAN"]
[Date "2004.11.14"]
[Round "5"]
[White "Maisonneuve, Paul"]
[Black "Morin, Daniel"]
[Result "1/2-1/2"]
[WhiteElo "1526"]
[BlackElo "1471"]
[PlyCount "85"]
[GameId "2160767911052605"]
[EventDate "2004.11.12"]
[EventType "swiss"]
[EventRounds "5"]
[EventCountry "CAN"]
[SourceTitle "EXT 2009"]
[Source "ChessBase"]
[SourceDate "2008.11.26"]
[SourceVersion "1"]
[SourceVersionDate "2008.11.26"]
[SourceQuality "1"]

1. d4 Nf6 2. Nf3 d5 3. Bf4 h6 4. e3 Bf5 5. Bd3 Bxd3 6. cxd3 e6 7. O-O Bd6 8. Ne5 c6 9. Nd2 Qc7 10. h3 Nbd7 11. Ndf3 O-O 12. Rb1 a5 13. a3 a4 14. Qc2 Rfc8 15. Rbc1 Nf8 16. b4 axb3 17. Qxb3 Rxa3 18. Qb2 Nh5 19. Bh2 Rca8 20. Ra1 Rxa1 21. Rxa1 Rxa1+ 22. Qxa1 g5 23. Ng4 Bxh2+ 24. Nfxh2 Kg7 25. Qa8 Qb6 26. Nf3 Nh7 27. Qa3 Qc7 28. Qa8 N5f6 29. Nge5 h5 30. h4 g4 31. Ng5 Nxg5 32. hxg5 Nd7 33. Nxd7 Qxd7 34. Qb8 Qe7 35. Qe5+ Kg6 36. g3 f6 37. gxf6 Qxf6 38. Qb8 Qf7 39. Kg2 Qg7 40. Qe8+ Qf7 41. Qb8 Qf3+ 42. Kg1 Qf7 43. Kg2 1/2-1/2

[Event "Montreal op"]
[Site "Montreal CAN"]
[Date "2004.09.03"]
[Round "1"]
[White "Rousseau, Daniel"]
[Black "Bolduc, Steve"]
[Result "0-1"]
[WhiteElo "2050"]
[BlackElo "2300"]
[PlyCount "70"]
[GameId "2160767911069573"]
[EventDate "2004.09.03"]
[EventType "swiss"]
[EventRounds "5"]
[EventCountry "CAN"]
[SourceTitle "hb 2011"]

1. e4 c5 2. Nf3 Nc6 3. d4 cxd4 4. Nxd4 g6 5. Nc3 Bg7 6. Be3 Nf6 7. Bc4 O-O 8. O-O Nxe4 9. Nxe4 d5 10. Nxc6 bxc6 11. Bd3 dxe4 12. Bxe4 Qc7 13. c3 Rb8 14. Rb1 Ba6 15. Re1 c5 16. Qa4 Bb5 17. Qa3 Rfc8 18. c4 Bc6 19. Bxc6 Qxc6 20. Red1 e6 21. b3 Rb7 22. Rd3 Bd4 23. Bxd4 Rd7 24. Rbd1 Rcd8 25. b4 cxd4 26. Qb3 e5 27. f3 Kg7 28. c5 a5 29. a3 axb4 30. axb4 Qb5 31. Qb2 Rb8 32. Qe2 Re7 33. Rb1 Qc4 34. Qd2 Rc7 35. Qe2 Rxc5 0-1

[Event "Montreal op"]
[Site "Montreal CAN"]
[Date "2004.09.04"]
[Round "2"]
[White "Martinez, Jean-Francois"]
[Black "Rousseau, Daniel"]
[Result "1/2-1/2"]
[WhiteElo "2050"]
[BlackElo "2050"]
[PlyCount "104"]
[GameId "2160767911069574"]
[EventDate "2004.09.03"]
[EventType "swiss"]
[EventRounds "5"]
[EventCountry "CAN"]
[SourceTitle "hb 2011"]

1. d4 Nf6 2. Bg5 Ne4 3. Bh4 c5 4. f3 Nf6 5. dxc5 Qa5+ 6. Qd2 Qxc5 7. Qc3 Na6 8. e4 Qxc3+ 9. Nxc3 e6 10. O-O-O Bc5 11. e5 Nh5 12. Ne4 Be3+ 13. Kb1 O-O 14. Bb5 Nf4 15. Nd6 Ng6 16. Bg3 Nc5 17. Ne2 a6 18. Bd3 Ne7 19. Rhe1 Nd5 20. Be4 Nxe4 21. fxe4 Nb6 22. Nd4 Bg5 23. Nb3 Be7 24. Nxc8 Raxc8 25. Bf2 Nc4 26. Rxd7 Bg5 27. Red1 b5 28. Ra7 Rfd8 29. Rdd7 Nxe5 30. Rxd8+ Rxd8 31. a3 h5 32. Rxa6 Nc4 33. Bd4 e5 34. Bc3 Rd1+ 35. Ka2 Rg1 36. Ra8+ Kh7 37. Rb8 Rxg2 38. Rxb5 Rxc2 39. Rc5 Nxb2 40. Bxb2 Rxh2 41. a4 h4 42. a5 h3 43. a6 Re2 44. Rc3 Be3 45. Nc1 Re1 46. Nd3 Re2 47. Nf2 Bxf2 48. Rxh3+ Kg6 49. Rh2 Rxe4 50. Rxf2 Ra4+ 51. Kb3 Rxa6 52. Bxe5 f6 1/2-1/2

[Event "Montreal op"]
[Site "Montreal CAN"]
[Date "2004.09.04"]
[Round "3"]
[White "Rousseau, Daniel"]
[Black "Tremblay, Alain"]
[Result "1-0"]
[WhiteElo "2050"]
[BlackElo "2000"]
[PlyCount "71"]
[GameId "2160767911069575"]
[EventDate "2004.09.03"]
[EventType "swiss"]
[EventRounds "5"]
[EventCountry "CAN"]
[SourceTitle "hb 2011"]

1. e4 e5 2. Nf3 Nc6 3. Bb5 a6 4. Ba4 Nf6 5. O-O b5 6. Bb3 Bc5 7. a4 Rb8 8. axb5 axb5 9. d3 d6 10. h3 Qe7 11. Nc3 h6 12. Nd5 Nxd5 13. Bxd5 Nd8 14. d4 Bb6 15. b4 c6 16. Bb3 g5 17. dxe5 dxe5 18. Bb2 f6 19. Nd2 Ne6 20. Qh5+ Kf8 21. g3 Ng7 22. Qf3 Bxh3 23. c4 Bxf1 24. Nxf1 Bd4 25. Bxd4 exd4 26. e5 Qxe5 27. Qxc6 Qe6 28. Qc5+ Qe7 29. Qxd4 bxc4 30. Qxc4 Rxb4 31. Ra8+ Ne8 32. Qc3 Kg7 33. Ne3 Rb5 34. Qd3 Re5 35. Rd8 Rxe3 36. fxe3 1-0

[Event "Montreal op"]
[Site "Montreal CAN"]
[Date "2004.09.05"]
[Round "4"]
[White "Libersan, Thierry"]
[Black "Rousseau, Daniel"]
[Result "0-1"]
[WhiteElo "2000"]
[BlackElo "2050"]
[PlyCount "66"]
[GameId "2160767911069576"]
[EventDate "2004.09.03"]
[EventType "swiss"]
[EventRounds "5"]
[EventCountry "CAN"]
[SourceTitle "hb 2011"]

1. e4 e5 2. Nf3 Nc6 3. Bb5 a6 4. Ba4 Nf6 5. O-O b5 6. Bb3 Bc5 7. c3 d6 8. d4 Bb6 9. a4 Bb7 10. axb5 axb5 11. Rxa8 Qxa8 12. d5 Ne7 13. Qe2 O-O 14. Bc2 Ng6 15. g3 c6 16. dxc6 Bxc6 17. Nbd2 d5 18. exd5 Nxd5 19. Bb3 Re8 20. Ng5 h6 21. Nge4 Re6 22. Rd1 Kh8 23. c4 Ndf4 24. gxf4 Nxf4 25. Qf3 Rg6+ 26. Kf1 f5 27. Re1 fxe4 28. Nxe4 Rf6 29. Bc2 Rf8 30. Qg4 bxc4 31. Be3 Bd4 32. f3 Bxb2 33. Bc5 Rd8 0-1

[Event "Montreal op"]
[Site "Montreal CAN"]
[Date "2004.09.05"]
[Round "5"]
[White "Pitre, Francois"]
[Black "Rousseau, Daniel"]
[Result "0-1"]
[WhiteElo "2000"]
[BlackElo "2050"]
[PlyCount "82"]
[GameId "2160767911069577"]
[EventDate "2004.09.03"]
[EventType "swiss"]
[EventRounds "5"]
[EventCountry "CAN"]
[SourceTitle "hb 2011"]

1. d4 Nf6 2. Nf3 g6 3. c4 Bg7 4. Nc3 O-O 5. e4 d6 6. Be2 e5 7. d5 a5 8. Bg5 Na6 9. Nd2 h6 10. Bh4 Qe8 11. f3 Nh7 12. Bf2 Qe7 13. b3 h5 14. Be3 Bf6 15. a3 Bd7 16. Bd3 Bg5 17. Qe2 h4 18. Rb1 f5 19. b4 axb4 20. axb4 Bxe3 21. Qxe3 b6 22. h3 f4 23. Qe2 Nb8 24. Nb3 Qg5 25. c5 bxc5 26. bxc5 dxc5 27. Nxc5 Qe7 28. Nxd7 Nxd7 29. Bb5 Nb6 30. Qb2 Qc5 31. Ne2 Ra5 32. Bd3 Nd7 33. Rc1 Qa7 34. Nc3 Qe3+ 35. Be2 Rb8 36. Qd2 Qa7 37. Bd3 Nc5 38. Bc4 Kg7 39. Ke2 Rb4 40. Ba2 Qa6+ 41. Kd1 Rd4 0-1

[Event "Montreal-A"]
[Site "Montreal CAN"]
[Date "2004.08.04"]
[Round "1"]
[White "Efimenko, Zahar"]
[Black "Lagno, Kateryna"]
[Result "1/2-1/2"]
[WhiteElo "2572"]
[BlackElo "2472"]
[PlyCount "50"]
[GameId "2160767911086401"]
[EventDate "2004.08.04"]
[EventType "tourn"]
[EventRounds "11"]
[EventCountry "CAN"]
[EventCategory "12"]
[SourceTitle "CBM 103"]
[Source "ChessBase"]
[SourceDate "2004.11.11"]
[SourceVersion "1"]
[SourceVersionDate "2004.11.11"]
[SourceQuality "1"]

1. e4 c6 2. d4 d5 3. exd5 cxd5 4. c4 Nf6 5. Nc3 e6 6. Nf3 Be7 7. cxd5 Nxd5 8. Bd3 O-O 9. O-O Nc6 10. Re1 Bf6 11. Be4 Nce7 12. Ne5 Bd7 13. Qd3 g6 14. Bh6 Bg7 15. Bxg7 Kxg7 16. Bxd5 exd5 17. Re2 f6 18. Nxd7 Qxd7 19. Rae1 Nc6 20. h3 Rae8 21. Rxe8 Rxe8 22. Rxe8 Qxe8 23. Nxd5 Qe1+ 24. Qf1 Qxf1+ 25. Kxf1 Nxd4 1/2-1/2

[Event "Montreal-A"]
[Site "Montreal CAN"]
[Date "2004.08.04"]
[Round "1"]
[White "Nataf, Igor A"]
[Black "Novikov, Igor A"]
[Result "1-0"]
[WhiteElo "2553"]
[BlackElo "2610"]
[PlyCount "151"]
[GameId "2160767911086403"]
[EventDate "2004.08.04"]
[EventType "tourn"]
[EventRounds "11"]
[EventCountry "CAN"]
[EventCategory "12"]
[SourceTitle "CBM 103"]
[Source "ChessBase"]
[SourceDate "2004.11.11"]
[SourceVersion "1"]
[SourceVersionDate "2004.11.11"]
[SourceQuality "1"]

1. e4 c5 2. Nf3 d6 3. d4 cxd4 4. Nxd4 Nf6 5. Nc3 a6 6. Bc4 e6 7. Bb3 b5 8. Qf3 Qb6 9. Be3 Qb7 10. O-O-O Nbd7 11. Rhe1 Nc5 12. Bg5 Be7 13. Kb1 O-O 14. e5 dxe5 15. Nc6 e4 16. Nxe7+ Qxe7 17. Nxe4 Ncxe4 18. Qxe4 Nxe4 19. Bxe7 Re8 20. f3 Bb7 21. Bb4 Nf6 22. Ba5 Bd5 23. c3 Bxb3 24. axb3 Rec8 25. Rd6 Kf8 26. Red1 Nd5 27. Rd7 Ke8 28. Rb7 Rcb8 29. Rxb8+ Rxb8 30. c4 Ne7 31. Bb4 Nf5 32. Bc3 f6 33. g4 Ne7 34. Re1 Kf7 35. Rd1 Rb7 36. Rd6 Rc7 37. Rxa6 bxc4 38. Ba5 Rc6 39. Ra7 Ke8 40. b4 Rc8 41. b5 Rb8 42. b6 Nc6 43. Rxg7 Kf8 44. Rxh7 Kg8 45. Rh5 e5 46. Bc3 Rxb6 47. g5 Nd4 48. gxf6 Ne2 49. Bxe5 c3 50. Rh8+ Kf7 51. Rh7+ Kf8 52. Rh8+ Kf7 53. Rb8 Rxb8 54. Bxb8 cxb2 55. Be5 Nc1 56. f4 Nd3 57. h4 Nc5 58. Kxb2 Nd7 59. h5 Ke6 60. Kc3 Nf8 61. Kd4 Nh7 62. Kc5 Nf8 63. Kc6 Kf7 64. Kd6 Ne6 65. Kd5 Nf8 66. Bd6 Ne6 67. Ke5 Nd8 68. Kf5 Kg8 69. Bc7 Nf7 70. Ke6 Kf8 71. Bd6+ Ke8 72. Be7 Nh6 73. Bc5 Nf7 74. Kf5 Nh8 75. f7+ Nxf7 76. Kg6 1-0

[Event "Montreal-A"]
[Site "Montreal CAN"]
[Date "2004.08.05"]
[Round "2"]
[White "Huzman, Alexander"]
[Black "Zugic, Igor"]
[Result "1/2-1/2"]
[WhiteElo "2588"]
[BlackElo "2465"]
[PlyCount "35"]
[GameId "2160767911086406"]
[EventDate "2004.08.04"]
[EventType "tourn"]
[EventRounds "11"]
[EventCountry "CAN"]
[EventCategory "12"]
[SourceTitle "CBM 103"]
[Source "ChessBase"]
[SourceDate "2004.11.11"]
[SourceVersion "1"]
[SourceVersionDate "2004.11.11"]
[SourceQuality "1"]

1. d4 Nf6 2. c4 e6 3. g3 c5 4. Nf3 cxd4 5. Nxd4 Nc6 6. Bg2 Qb6 7. Nc2 d5 8. cxd5 Nxd5 9. O-O Be7 10. a3 O-O 11. e4 Nf6 12. Nc3 Rd8 13. Qe2 Qb3 14. Rb1 e5 15. Nd5 Be6 16. Nce3 Rac8 17. Bd2 Nxd5 18. Nxd5 1/2-1/2

[Event "Montreal-A"]
[Site "Montreal CAN"]
[Date "2004.08.05"]
[Round "2"]
[White "Tyomkin, Dimitri"]
[Black "Nataf, Igor A"]
[Result "1/2-1/2"]
[WhiteElo "2498"]
[BlackElo "2553"]
[PlyCount "71"]
[GameId "2160767911086410"]
[EventDate "2004.08.04"]
[EventType "tourn"]
[EventRounds "11"]
[EventCountry "CAN"]
[EventCategory "12"]
[SourceTitle "CBM 103"]
[Source "ChessBase"]
[SourceDate "2004.11.11"]
[SourceVersion "1"]
[SourceVersionDate "2004.11.11"]
[SourceQuality "1"]

1. e4 c5 2. Nf3 Nc6 3. Bb5 e6 4. O-O Nge7 5. Nc3 Nd4 6. Nxd4 cxd4 7. Ne2 a6 8. Ba4 Nc6 9. d3 Bc5 10. Bxc6 dxc6 11. Ng3 Bd6 12. f4 f5 13. exf5 exf5 14. Re1+ Kf7 15. c3 Qb6 16. c4 Bd7 17. Bd2 a5 18. Qb3 Qxb3 19. axb3 b6 20. Ne2 c5 21. Kf2 Rhe8 22. Ng1 Rxe1 23. Rxe1 Re8 24. Rxe8 Kxe8 25. Nf3 Ke7 26. Ne5 Be8 27. h3 Kf6 28. Nf3 Bd7 29. Ke2 h6 30. g3 Be8 31. Kf2 Bh5 32. Bc1 Ke6 33. Bd2 Be7 34. Bc1 Bd6 35. Bd2 Be7 36. Bc1 1/2-1/2

[Event "Montreal-A"]
[Site "Montreal CAN"]
[Date "2004.08.06"]
[Round "3"]
[White "Nataf, Igor A"]
[Black "Bluvshtein, Mark"]
[Result "1/2-1/2"]
[WhiteElo "2553"]
[BlackElo "2462"]
[PlyCount "98"]
[GameId "2160767911086414"]
[EventDate "2004.08.04"]
[EventType "tourn"]
[EventRounds "11"]
[EventCountry "CAN"]
[EventCategory "12"]
[SourceTitle "CBM 103"]
[Source "ChessBase"]
[SourceDate "2004.11.11"]
[SourceVersion "1"]
[SourceVersionDate "2004.11.11"]
[SourceQuality "1"]

1. e4 e5 2. Nf3 Nf6 3. Nxe5 d6 4. Nf3 Nxe4 5. d4 d5 6. Bd3 Bd6 7. O-O O-O 8. c4 c6 9. Qc2 Na6 10. a3 Bg4 11. Ne5 Bf5 12. b4 f6 13. Nf3 Qe8 14. c5 Bb8 15. Nc3 Bg6 16. Nh4 f5 17. Nxg6 Qxg6 18. Ne2 Nc7 19. f3 Ne6 20. fxe4 fxe4 21. Rxf8+ Nxf8 22. Bxe4 dxe4 23. Qc4+ Kh8 24. Be3 Nd7 25. Rf1 Nf6 26. h3 Bc7 27. Bf4 Bxf4 28. Nxf4 Qe8 29. d5 Qg8 30. Qd4 cxd5 31. b5 Qe8 32. a4 Qd7 33. Rc1 Rc8 34. g4 Qc7 35. Ng2 Nd7 36. c6 Ne5 37. Qxd5 Nf3+ 38. Kf2 Rf8 39. Qc5 Kg8 40. Qd5+ Kh8 41. Qc5 Kg8 42. Qd5+ Rf7 43. cxb7 Ng1+ 44. Nf4 Qxf4+ 45. Kg2 Qf3+ 46. Kxg1 Qg3+ 47. Kh1 Qxh3+ 48. Kg1 Qe3+ 49. Kg2 Qf3+ 1/2-1/2

[Event "Montreal-A"]
[Site "Montreal CAN"]
[Date "2004.08.06"]
[Round "3"]
[White "Zugic, Igor"]
[Black "Rozentalis, Eduardas"]
[Result "1/2-1/2"]
[WhiteElo "2465"]
[BlackElo "2619"]
[PlyCount "135"]
[GameId "2160767911086416"]
[EventDate "2004.08.04"]
[EventType "tourn"]
[EventRounds "11"]
[EventCountry "CAN"]
[EventCategory "12"]
[SourceTitle "CBM 103"]
[Source "ChessBase"]
[SourceDate "2004.11.11"]
[SourceVersion "1"]
[SourceVersionDate "2004.11.11"]
[SourceQuality "1"]

1. c4 e6 2. Nc3 Bb4 3. e4 Ne7 4. d4 d5 5. a3 Bxc3+ 6. bxc3 O-O 7. e5 c5 8. Nf3 cxd4 9. cxd4 b6 10. Bd3 h6 11. cxd5 Qxd5 12. Qe2 Ba6 13. Bxa6 Qa5+ 14. Bd2 Qxa6 15. Qxa6 Nxa6 16. Ke2 Rfc8 17. Rhc1 Nc7 18. Kd3 Ncd5 19. g3 a5 20. Rxc8+ Rxc8 21. Rc1 Rxc1 22. Bxc1 b5 23. Nd2 Kf8 24. Ne4 Nc8 25. Bd2 a4 26. g4 g5 27. Nc3 Nc7 28. d5 exd5 29. Kd4 Nb6 30. Kc5 Nc4 31. Bc1 Nxe5 32. Kd6 d4 33. Nxb5 Nxb5+ 34. Kxe5 Kg7 35. Kd5 d3 36. Kc4 Nxa3+ 37. Kxd3 Nb5 38. Kc4 Nd6+ 39. Kb4 Ne4 40. f3 Nf2 41. Bb2+ Kg6 42. Kxa4 Nd3 43. Bc3 Nf4 44. Kb3 Ne2 45. Be5 f6 46. Bg3 Nd4+ 47. Kc4 Nxf3 48. Kd3 h5 49. gxh5+ Kxh5 50. Ke3 Kg4 51. Bc7 Ng1 52. Kf2 Nh3+ 53. Kg2 Nf4+ 54. Kf2 Ne6 55. Bb8 Kh3 56. Bd6 f5 57. Be5 Nc5 58. Kg1 Ne4 59. Bc7 Nc3 60. Bd8 Ne4 61. Bc7 f4 62. Bd8 f3 63. Bc7 Kg4 64. Kf1 Kh4 65. Bb8 Kh3 66. Bc7 g4 67. Bb8 Kh4 68. Bc7 1/2-1/2